Managing time for a competitive edge / (Record no. 127033)

MARC details
000 -LEADER
fixed length control field 00757nam a22002417a 4500
005 - DATE AND TIME OF LATEST TRANSACTION
control field 20170124110018.0
010 ## - LIBRARY OF CONGRESS CONTROL NUMBER
LC control number A-706844
020 ## - INTERNATIONAL STANDARD BOOK NUMBER
Terms of availability 00.00
International Standard Book Number 8185814163
035 ## - SYSTEM CONTROL NUMBER
System control number A-706844
037 ## - SOURCE OF ACQUISITION
Source of stock number/acquisition Cen Lib/Ret
040 ## - CATALOGING SOURCE
Original cataloging agency DPL
Language of cataloging EN
082 ## - DEWEY DECIMAL CLASSIFICATION NUMBER
Classification number 650.1
Item number BHA
100 ## - MAIN ENTRY--PERSONAL NAME
Personal name Bhatia, R.L.
9 (RLIN) 19185
245 ## - TITLE STATEMENT
Title Managing time for a competitive edge /
Statement of responsibility, etc by R.L.Bhatia:illustrated by Subi Samuel
260 ## - PUBLICATION, DISTRIBUTION, ETC. (IMPRINT)
Place of publication, distribution, etc New Delhi
Name of publisher, distributor, etc A.H.Wheeler
Date of publication, distribution, etc 1994
270 ## - ADDRESS
City New Delhi
Address 411, Surya Kiran, 19 K.G. Marg
Postal code 110001
300 ## - PHYSICAL DESCRIPTION
Extent viii,99p. :
Dimensions 24cm(Hb)
Other physical details ill.
500 ## - GENERAL NOTE
General note Includes bibliographical refrences
650 ## - SUBJECT ADDED ENTRY--TOPICAL TERM
Topical term or geographic name as entry element Management.
9 (RLIN) 3072
650 ## - SUBJECT ADDED ENTRY--TOPICAL TERM
Topical term or geographic name as entry element Time Management.
9 (RLIN) 16925
700 ## - ADDED ENTRY--PERSONAL NAME
Personal name Samuel, Subi
9 (RLIN) 19186
942 ## - ADDED ENTRY ELEMENTS (KOHA)
Source of classification or shelving scheme Dewey Decimal Classification
Koha item type English Books
Classification part 650.1
Call number suffix BHA
Holdings
Withdrawn status Lost status Damaged status Not for loan Home library Current library Date acquired Source of acquisition Cost, normal purchase price Total Checkouts Full call number Barcode Date last seen Copy number Cost, replacement price Price effective from Koha item type
        Central Library Central Library 27/06/2015 Cen Lib/Ret 0.00   650.1 BHA A-706844 27/06/2015 1 0.00 27/06/2015 English Books

© Delhi Public Library
Hit Counter
free hit counter